000 00268nam a22001217a 4500
082 _a928 AMI
100 _aAMIN, AHMED
245 _aHAYATI
260 _aBAiroot, Libnan
_bDarul Kitab Alarabi'a
_c1969
300 _a303
650 _aBiography-Ahmed Ameen
942 _cBK
999 _c19692
_d19692